Oldest Zoos in the World - Statistics

General Stats
  • This quiz has been taken 65 times
  • The average score is 11 of 20
Answer Stats
Founding year Zoo Region % Correct
1828 London Zoo Western Europe
96%
1793 Ménagerie du Jardin des Plantes (Paris) Western Europe
96%
1844 Zoologischer Garten Berlin Central Europe
94%
1752 Tiergarten Schönbrunn (Vienna) Central Europe
91%
1838 Natura Artis Magistra (Amsterdam) Central Europe
74%
1864 Central Park Zoo (New York City) North America
72%
1864 Moskovskiy Zoopark (Moscow) Eastern Europe
72%
1858 Zoologischer Garten Frankfurt am Main Central Europe
69%
1862 Melbourne Zoo Oceania
59%
1864 Leningradskiy (St. Petersburg) Eastern Europe
54%
1859 Philadelphia Zoo North America
41%
1864 Ragunan Zoological Park (Jakarta) South East Asia
41%
1831 Zoo Dublin Western Europe
41%
1857 Diergaarde Blijdorp (Rotterdam) Central Europe
39%
1858 Zoo de Lyon Western Europe
35%
1843 Zoo Antwerpen (Antwerp) Central Europe
31%
1860 Zoologischer Garten Köln (Cologne) Central Europe
30%
1861 Zoo Dresden Central Europe
28%
1835 Zoo Bristol Western Europe
20%
1859 Zoologisk Have (Frederiksberg) Denmark
2%
No matching quizzes found
Score Distribution
Percent of People with Each Score
Percentile by Number Answered
Your Score History
You have not taken this quiz